Catálogo público

Calidad nutricional de pellets de pasto Pangola (Digitaria eriantha) al adicionar urea / (Record no. 220884)

MARC details
000 -CABECERA
campo de control de longitud fija 03233nam a2200349 a 4500
003 - IDENTIFICADOR DEL NÚMERO DE CONTROL
campo de control OSt
005 - FECHA Y HORA DE LA ÚLTIMA TRANSACCIÓN
campo de control 20251002104648.0
007 - CAMPO FIJO DE DESCRIPCIÓN FÍSICA--INFORMACIÓN GENERAL
campo de control de longitud fija cr ||||||a|a|a
008 - DATOS DE LONGITUD FIJA--INFORMACIÓN GENERAL
campo de control de longitud fija 250903s2025 mx a|||fom||| 001 0 spa d
040 ## - FUENTE DE LA CATALOGACIÓN
Normas de descripción rda
100 1# - ENTRADA PRINCIPAL--NOMBRE DE PERSONA
Nombre de persona Figueroa Marbán, Ignacio
9 (RLIN) 191012
245 10 - MENCIÓN DE TÍTULO
Título Calidad nutricional de pellets de pasto Pangola (Digitaria eriantha) al adicionar urea /
Mención de responsabilidad, etc. por Ignacio Figueroa Marbán y Areli Guadalupe Cano Landón; director de tesis Sergio ibán Mendoza Pedroza; secretario José Melquiades Monzón Armenta; vocal Anadelia Antonio Medina; suplente Fernando González Cerón; suplente Bello Olivera.
264 #1 - PRODUCCIÓN, PUBLICACIÓN, DISTRIBUCIÓN, FABRICACIÓN Y COPYRIGHT
Producción, publicación, distribución, fabricación y copyright Chapingo, México :
Nombre del de productor, editor, distribuidor, fabricante El autor,
Fecha de producción, publicación, distribución, fabricación o copyright 2025.
300 ## - DESCRIPCIÓN FÍSICA
Extensión 1 recurso en línea (73 páginas):
Otras características físicas cuadros, figuras.
336 ## - TIPO DE CONTENIDO
Fuente rdacontent
Término de tipo de contenido texto
Código de tipo de contenido txt
337 ## - TIPO DE MEDIO
Fuente rdamedia
Nombre/término del tipo de medio computadora
Código del tipo de medio c
338 ## - TIPO DE SOPORTE
Fuente rdacarrier
Nombre/término del tipo de soporte recurso en línea
Código del tipo de soporte cr
502 ## - NOTA DE TESIS
Tipo de título Ingeniero Agrónomo Especialista en Zootecnia
Nombre de la institución que otorga el título Departamento de Enseñanza, Investigación y Servicio en Zootecnia,
Año de obtención del título 2025.
Información miscelánea Licenciatura
504 ## - NOTA DE BIBLIOGRAFÍA, ETC.
Nota de bibliografía, etc. Incluye referencias bibliográficas: páginas 34-38.
520 ## - SUMARIO, ETC.
Sumario, etc. La presente investigación evaluó el efecto de la adición de urea sobre la calidad nutricional y digestibilidad de pellets elaborados con pasto pangola (Digitaria eriantha), utilizando niveles de inclusión de urea al 0%, 1%, 1.5% y 2%. Se realizaron análisis bromatológicos y de fibra mediante la metodología de Van Soest, evaluando las variables de materia seca (MS), cenizas (CZ), proteína cruda (PC), materia orgánica (MO), fibra detergente neutra (FDN), fibra detergente ácida (FDA) y lignina detergente ácida (LDA). Los resultados mostraron que la adición de urea incrementó significativamente el contenido de PC, confirmando su eficacia como fuente de nitrógeno no proteico (NNP). Además, la urea generó una disrupción estructural de la fibra, reduciendo los valores de FDN, FDA y LDA, lo que favorece la digestibilidad de los pellets. Sin embargo, la reducción excesiva de la lignina y la fibra podrían afectar la resistencia física de los pellets, evidenciando la importancia de un equilibrio entre digestibilidad y durabilidad. Se identificó un comportamiento cuadrático en varias variables, destacando un punto óptimo de inclusión de urea alrededor del 1.5%, donde se maximizó el valor nutritivo. En conclusión, la incorporación de urea es una estrategia viable para mejorar la calidad nutricional de forrajes tropicales, pero requiere un manejo adecuado para optimizar sus beneficios sin afectar la estabilidad física ni la seguridad alimentaria de los animales.
650 #4 - PUNTO DE ACCESO ADICIONAL DE MATERIA--TÉRMINO DE MATERIA
Término de materia o nombre geográfico como elemento de entrada Digitaria decumbens
Subdivisión general Digestibilidad
9 (RLIN) 191322
650 #4 - PUNTO DE ACCESO ADICIONAL DE MATERIA--TÉRMINO DE MATERIA
Término de materia o nombre geográfico como elemento de entrada Digitaria decumbens
Subdivisión general Valor nutritivo
9 (RLIN) 191323
650 #4 - PUNTO DE ACCESO ADICIONAL DE MATERIA--TÉRMINO DE MATERIA
Término de materia o nombre geográfico como elemento de entrada Urea
Subdivisión general Efecto en pastos forrajeros
9 (RLIN) 191324
700 1# - PUNTO DE ACCESO ADICIONAL--NOMBRE DE PERSONA
Nombre de persona Cano Landón, Areli Guadalupe
9 (RLIN) 191013
700 1# - PUNTO DE ACCESO ADICIONAL--NOMBRE DE PERSONA
Nombre de persona Mendoza Pedroza, Sergio Ibán
9 (RLIN) 74719
Término indicativo de función/relación director.
700 1# - PUNTO DE ACCESO ADICIONAL--NOMBRE DE PERSONA
Nombre de persona Monzón Armenta, José Melquiades
9 (RLIN) 78028
Término indicativo de función/relación secretario.
700 1# - PUNTO DE ACCESO ADICIONAL--NOMBRE DE PERSONA
Nombre de persona Antonio Medina, Anadelia
9 (RLIN) 191161
Término indicativo de función/relación vocal.
700 1# - PUNTO DE ACCESO ADICIONAL--NOMBRE DE PERSONA
Nombre de persona González Cerón, Fernando
9 (RLIN) 48783
Término indicativo de función/relación suplente.
700 1# - PUNTO DE ACCESO ADICIONAL--NOMBRE DE PERSONA
Nombre de persona Bello Olivera, Benito
9 (RLIN) 128794
Término indicativo de función/relación suplente.
856 ## - LOCALIZACIÓN Y ACCESO ELECTRÓNICOS
Nota pública DESCARGAR PDF
Identificador Uniforme del Recurso http://10.13.5.2/tesis/tl/1710724-3_Y_1810318-7_FIGUEROA_MARBAN_IGNACIO_Y_CANO_LANDON_ARELIGUADALUPE.pdf
942 ## - ELEMENTOS DE PUNTO DE ACCESO ADICIONAL (KOHA)
Fuente del sistema de clasificación o colocación Clasificación Universidad Autónoma Chapingo
Tipo de ítem Koha Tesis digital
Holdings
Estado de retiro Estado de pérdida Fuente del sistema de clasificación o colocación Estado dañado Restricciones de uso No para préstamo Código de colección Localización permanente Ubicación/localización actual Ubicación en estantería Fecha de adquisición Total de préstamos Signatura topográfica completa Fecha visto por última vez Precio válido a partir de Tipo de ítem Koha
    Clasificación Universidad Autónoma de Chapingo   Préstamo interno   Tesis digitales de Licenciatura Biblioteca Digital Biblioteca Digital En línea 03/09/2025   Tesis digital 03/09/2025 03/09/2025 Tesis digital